Największe polskie miasta zawierające literę A - Statystyki

Ogólne statystyki
  • Ten quiz został rozwiązany 46 razy
  • Średni wynik to 14 z 15
Statystyki odpowiedzi
Województwo Populacja Miasto % Poprawnych
Małopolskie 804 237 Kraków
100%
Wielkopolskie 540 146 Poznań
100%
Mazowieckie 1 861 644 Warszawa
100%
Podlaskie 292 058 Białystok
98%
Pomorskie 486 492 Gdańsk
98%
Pomorskie 242 141 Gdynia
98%
Śląskie 279 119 Katowice
98%
Dolnośląskie 674 132 Wrocław
96%
Lubuskie 139 132 Zielona Góra
91%
Mazowieckie 196 918 Radom
89%
Śląskie 207 117 Częstochowa
83%
Śląskie 154 642 Zabrze
80%
Śląskie 131 062 Ruda Śląska
76%
Śląskie 114 148 Dąbrowa Górnicza
74%
Śląskie 166 189 Bielsko-Biała
72%
Nie znaleziono quizów pasujących do podanych kryteriów
Rozkład punktacji
Procent ludzi z każdym wynikiem
Percentyl według liczby udzielonych odpowiedzi
Twoja historia wyników
Nie rozwiązałeś tego quizu